01898cam a2200289 a 450000100090000000300040000900500170001300800410003001000170007102000310008802000280011902000250014703500240017204000380019604200140023405000200024808200230026810000200029124500700031125000120038126000630039330000400045650400510049650509910054763000420153870000280158015874996OSt20210218131139.0090820r20091991miuab b 001 0 eng d a 2009502151 a9780310280958 (alk. paper) a0310280958 (alk. paper) z9780310556978qebook a(OCoLC)ocn309916553 aIAMcIAMdBWXdEXCdORXdVLBdDLC alccopycat00aBS1140.2bH645S04a221.6/1221bH645S1 aHill, Andrew E.12aA survey of the Old Testament /cAndrew E. Hill & John H. Walton. a3rd ed. aGrand Rapids, Mich. :bZondervan Publishing House,cc2009. a799 p. :bcol. ill., maps ;c24 cm. aIncludes bibliographical references and index.0 aPART I: Introduction. Approaching the Old Testament -- Geography of the Old Testament -- -- PART II: The Pentateuch. Introduction to the Pentateuch -- Genesis -- Exodus -- Leviticus -- Numbers -- Deuteronomy -- Historical overview of Old Testament times -- -- PART III: The historical books. Introduction to the historical books -- Joshua -- Judges -- Ruth -- 1-2 Samuel -- 1-2 Kings -- 1-2 Chronicles -- Ezra - Nehemiah -- Esther -- Archaeology and the Old Testament -- -- PART IV: The poetic books. Hebrew poetic and wisdom literature -- Job -- Psalms -- Proverbs -- Ecclesiastes -- Song of Songs -- Formation of the Old Testament scriptures -- -- PART V: The prophets. Introduction to prophetic literature -- Isaiah -- Jeremiah -- Lamentations -- Ezekiel -- Daniel -- Hosea -- Joel -- Amos -- Obadiah -- Jonah -- Micah -- Nahum -- Habakkuk -- Zephaniah -- Haggai -- Zechariah -- Malachi -- -- PART VI: Epilogue. What we have learned -- Responding to God -- The journey to Jesus.00aBible.pOld TestamentvIntroductions.1 aWalton, John H.,d1952-